A color Atlas of Histoloy (Record no. 58)

MARC details
000 -LEADER
fixed length control field 00520nam a22001937a 4500
003 - CONTROL NUMBER IDENTIFIER
control field OSt
005 - DATE AND TIME OF LATEST TRANSACTION
control field 20230203154157.0
008 - FIXED-LENGTH DATA ELEMENTS--GENERAL INFORMATION
fixed length control field 140630b xxu||||| |||| 00| 0 eng d
020 ## - INTERNATIONAL STANDARD BOOK NUMBER
International Standard Book Number 0673991903
040 ## - CATALOGING SOURCE
Transcribing agency NML
082 ## - DEWEY DECIMAL CLASSIFICATION NUMBER
Classification number QS517 S83c 1995
100 ## - MAIN ENTRY--PERSONAL NAME
Personal name Strete, Dennis
9 (RLIN) 178
245 ## - TITLE STATEMENT
Title A color Atlas of Histoloy
260 ## - PUBLICATION, DISTRIBUTION, ETC. (IMPRINT)
Place of publication, distribution, etc. New York;
Name of publisher, distributor, etc. HarperCollins College Publishers,
Date of publication, distribution, etc. 1995.
300 ## - PHYSICAL DESCRIPTION
Extent ix, 294 p. :
Other physical details col. ill. ;
Dimensions 27 cm.
504 ## - BIBLIOGRAPHY, ETC. NOTE
Bibliography, etc Includes index
650 ## - SUBJECT ADDED ENTRY--TOPICAL TERM
Topical term or geographic name as entry element Histology Atlas
9 (RLIN) 180
942 ## - ADDED ENTRY ELEMENTS (KOHA)
Source of classification or shelving scheme Other/Generic Classification Scheme
Koha item type Open Shelf
Holdings
Withdrawn status Lost status Source of classification or shelving scheme Damaged status Not for loan Home library Current library Date acquired Source of acquisition Total Checkouts Full call number Barcode Date last seen Price effective from Koha item type Inventory number
    Other/Generic Classification Scheme     MUST Main Library MUST Main Library 30/06/2014     QS 517 S83c 1995 2014-0073 30/06/2014 30/06/2014 Open Shelf  
    Other/Generic Classification Scheme     MUST Main Library MUST Main Library 23/05/2016 Purchase   QS 517 S83c 1995 2016-2064 23/05/2016   Open Shelf 00/13899